000 00644cam a2200193 4500
005 20160125134542.0
008 160125b mx ||||| |||| 00| 0 spa d
050 0 4 _aD60
_bH57 1994
245 0 _aHistoria antigua de Europa :
_bcristianización del imperio romano /
_cAlfonso Mendiola Mejía, comp.
250 _a1a ed.
260 _aMéxico :
_bUniversidad Iberoamericana, Departamento de historia,
_c1994
300 _a167 p. ;
_c24 cm.
440 _a
490 _aAntologías Universitarias ;
_v4
504 _aBibliografía: p. 171
650 7 _2LEMB
_aHistoria antigua
700 1 _aMendiola Mejía, Alfonso,
_ecomp.
942 _2lcc
_cLIB
999 _c61728
_d61728